Estudios: historia de Roma, Derecho Moderno
সংরক্ষণ করুন:
| প্রধান লেখক: | |
|---|---|
| বিন্যাস: | গ্রন্থ |
| ভাষা: | স্প্যানিশ |
| প্রকাশিত: |
Madrid, España
Universidad Complutense de Madrid
1985
|
| সংস্করন: | Segunda edición |
| বিষয়গুলি: | |
| ট্যাগগুলো: |
ট্যাগ যুক্ত করুন
কোনো ট্যাগ নেই, প্রথমজন হিসাবে ট্যাগ করুন!
|
MARC
| LEADER | 00000nam a2200000 a 4500 | ||
|---|---|---|---|
| 001 | UCX7977 | ||
| 003 | CL-VaPUC | ||
| 005 | 20220503175153.0 | ||
| 008 | 940117e19850000SP |||||||||||||||||spa|d | ||
| 999 | |c 227620 |d 227618 | ||
| 040 | |c Pontificia Universidad Católica de Valparaíso | ||
| 082 | 0 | 4 | |a 340.54 IGL 1985 |2 21 |
| 100 | |a Iglesias Santos, Juan |e autor |9 857449 | ||
| 245 | 1 | 0 | |a Estudios: |b historia de Roma, Derecho Moderno |
| 250 | |a Segunda edición | ||
| 260 | |a Madrid, España |b Universidad Complutense de Madrid |c 1985 | ||
| 300 | |a 404 páginas | ||
| 583 | |a last modification |c 19940117 00:00:00 |k Rodrigo Vera | ||
| 650 | 0 | |a Derecho romano |9 255930 |x Historia de Roma |x Historia del derecho | |
| 852 | |a BIBCUR | ||
| 942 | |c BK |2 ddc | ||
| 945 | |d 19940117 00:00:00 |a nfarias | ||
| 952 | |0 0 |1 0 |2 ddc |4 0 |6 340_540000000000000_IGL_1985 |7 0 |8 DER_ROM |9 226742 |a BIBDER |b BIBDER |d 2019-11-15 |i 295012K |l 1 |o 340.54 IGL 1985 |p 295012K |r 2023-01-25 |s 2022-08-17 |t 1 |w 2019-11-15 |x Ubicación 4to piso |y BK |z Este recurso debe solicitarse con anticipación |k DER | ||